000 00620nam a22002057a 4500
003 0
005 20230928070012.0
008 230928b xxu||||| |||| 00| 0 eng d
020 _a978-1-5296-0376-7
050 _aRA 790
_b.P643 2023
100 _aPilgrim, David
245 _aKey concepts in mental health, 6th Edition
_cDavid Pilgrim
250 _aSixth edition
260 _aLondon
_bSage Publications Ltd.
_cc2023
300 _axiv, 285 pages ;
_c24 cm.
500 _aMental health.
504 _aIncludes bibliographical references, glossary, and index.
650 _aMental health.
942 _2lcc
_cBK
999 _c365419
_d365419